| 000 | 00599cab a2200205 4500 | ||
|---|---|---|---|
| 001 | WB2403-27 | ||
| 008 | 090401t1988 xxu||||| |||| 00| 0 eng d | ||
| 035 | _a(Sirsi) u12114 | ||
| 041 | _aeng | ||
| 245 | _aInvestor protection | ||
| 260 | _c1988 | ||
| 350 | _a0 | ||
| 490 |
_aDaily Telegraph _v15/1/88 p19 |
||
| 520 | _aReviews some of the requirements which the DTI and SIB would like to establish to protect potential investors of single unit property trusts. | ||
| 650 | _aINVESTMENT | ||
| 650 | _aUNITISATION | ||
| 690 | _aPROPERTY LAW AND PRACTICE | ||
| 942 | _n0 | ||
| 948 | _c04/03/1997 | ||
| 999 |
_c7751 _d7751 |
||